[Event "Steyr Landesliga 1819"]
[Site "Austria"]
[Date "2019.04.06"]
[Round "11.6"]
[White "Polansek, Justin"]
[Black "Kristoferitsch, Daniel"]
[Result "1/2-1/2"]
[WhiteElo "2018"]
[BlackElo "1941"]
[PlyCount "277"]
[EventDate "2018.10.06"]
[EventType "team-tourn"]
[EventRounds "11"]
[EventCountry "AUT"]
[SourceTitle "EXT 2021"]
[Source "ChessBase"]
[SourceDate "2020.10.23"]
[SourceVersion "1"]
[SourceVersionDate "2020.10.23"]
[SourceQuality "1"]
[WhiteTeam "Leibnitz"]
[BlackTeam "Graz Schachfreunde"]
[WhiteTeamCountry "AUT"]
[BlackTeamCountry "AUT"]

1. e4 c5 2. c4 Nc6 3. Nc3 g6 4. g3 Bg7 5. Bg2 Nf6 6. Nge2 d6 7. d3 0-0 8. 0-0 a6 9. h3 Rb8 10. Be3 b5 11. Rb1 Ne8 12. cxb5 axb5 13. d4 b4 14. Na4 c4 15. b3 Ba6 16. Re1 Qa5 17. bxc4 Bxc4 18. Nc1 Nc7 19. Bf1 Bxf1 20. Rxf1 Nxd4 21. Bxd4 Bxd4 22. Qxd4 Qxa4 23. Nd3 Ne6 24. Rxb4 Qxa2 25. Qc3 Rfc8 26. Rxb8 Rxb8 27. Ra1 Qe2 28. e5 d5 29. Re1 Qf3 30. Qc2 Kg7 31. Qd1 Ng5 32. h4 Qxd1 33. Rxd1 Ne4 34. Kg2 e6 35. f3 Nc3 36. Rd2 Kf8 37. Nf2 h5 38. g4 Ke7 39. gxh5 gxh5 40. Nd3 Kd7 41. Nf4 Rh8 42. Rb2 Kc6 43. Rc2 d4 44. Ne2 Kd5 45. Nxc3+ dxc3 46. Rxc3 Kxe5 47. Rc4 Rd8 48. Kg3 Rg8+ 49. Kf2 Kf5 50. Rc7 f6 51. Rc5+ e5 52. Rc4 Ra8 53. Rb4 Ra1 54. Rc4 Rb1 55. Ra4 Rc1 56. Rb4 Rd1 57. Kg3 Rd8 58. Ra4 Rg8+ 59. Kf2 Re8 60. Ra5 Kf4 61. Ra6 Kf5 62. Ra5 Rd8 63. Kg3 Rg8+ 64. Kf2 Re8 65. Kg3 Rd8 66. Rb5 Rd1 67. Ra5 Rb1 68. Rc5 Rg1+ 69. Kf2 Rh1 70. Kg3 Ra1 71. Rb5 Rg1+ 72. Kf2 Rg8 73. Rb4 Re8 74. Rb5 Kf4 75. Rb6 Rf8 76. Rb4+ Kf5 77. Rb5 Rf7 78. Ra5 Re7 79. Kg3 Re6 80. Rb5 Rc6 81. Rb4 Rd6 82. Rb5 Rd1 83. Ra5 Rg1+ 84. Kf2 Rg7 85. Ra4 Re7 86. Kg3 e4 87. Ra5+ Re5 88. fxe4+ Kxe4 89. Ra4+ Kf5 90. Rf4+ Kg6 91. Ra4 Re3+ 92. Kf2 Rh3 93. Kg2 Rb3 94. Rc4 Re3 95. Kf2 Rd3 96. Rb4 Kf5 97. Kg2 Re3 98. Rb5+ Kg4 99. Rb4+ Kf5 100. Rb5+ Re5 101. Rb6 Re4 102. Kg3 Rg4+ 103. Kh3 Rg1 104. Rb8 Kf4 105. Rb4+ Kf3 106. Rb3+ Ke4 107. Rb4+ Kf5 108. Rb5+ Kg6 109. Rb8 Kg7 110. Rb5 Kh6 111. Rb6 Rg6 112. Rb5 Rg4 113. Ra5 Kg6 114. Ra6 Re4 115. Kg3 Kf5 116. Ra5+ Re5 117. Ra3 Rd5 118. Rb3 Ke4 119. Rb4+ Ke5 120. Ra4 f5 121. Ra3 Rd4 122. Re3+ Re4 123. Rb3 Rg4+ 124. Kh3 Rd4 125. Rg3 Rg4 126. Re3+ Kd4 127. Re8 Re4 128. Rh8 f4 129. Rxh5 Ke3 130. Rf5 Re8 131. h5 f3 132. Kh4 f2 133. h6 Rg8 134. Kh5 Ke2 135. h7 Rh8 136. Rxf2+ Kxf2 137. Kg6 Kg3 138. Kg7 Rxh7+ 139. Kxh7 1/2-1/2

[Event "Graz op-A"]
[Site "Graz"]
[Date "2008.09.05"]
[Round "7"]
[White "Polansek, Justin"]
[Black "Wallner, Dieter"]
[Result "0-1"]
[WhiteElo "2081"]
[BlackElo "2128"]
[PlyCount "185"]
[EventDate "2008.08.30"]
[EventType "swiss"]
[EventRounds "9"]
[EventCountry "AUT"]
[SourceTitle "CBM 126 Extra"]
[Source "ChessBase"]
[SourceDate "2008.11.05"]
[SourceVersion "1"]
[SourceVersionDate "2008.11.05"]
[SourceQuality "1"]

1. d4 d5 2. c4 c6 3. cxd5 cxd5 4. g3 Nf6 5. Bg2 Nc6 6. Nf3 e6 7. 0-0 Bd6 8. Bg5 h6 9. Bxf6 Qxf6 10. Nc3 Qd8 11. Re1 f5 12. e3 0-0 13. Nd2 Bd7 14. a3 Rc8 15. Qf3 Ne7 16. Rec1 a5 17. Qd1 b5 18. Bf1 Rb8 19. b3 b4 20. axb4 Bxb4 21. Ra2 Nc8 22. Na4 Nd6 23. Nc5 Rc8 24. Rac2 Qe8 25. Nf3 Bb5 26. Ne5 Bxf1 27. Qxf1 Ba3 28. Ra1 Bb4 29. Qa6 Ne4 30. Qb6 Bc3 31. Rac1 Rxc5 32. dxc5 Bxe5 33. f4 Bf6 34. c6 Qb8 35. Qb7 Qc8 36. Ra2 Nc3 37. Rd2 Qxb7 38. cxb7 Rb8 39. Rdc2 Rxb7 40. Rxc3 Bxc3 41. Rxc3 Kf7 42. h3 Kf6 43. Kf2 Rb6 44. Rd3 Rc6 45. Kf3 Rc2 46. g4 g6 47. Kg3 g5 48. Kf3 Rc5 49. Kg3 e5 50. fxe5+ Kxe5 51. gxf5 Kxf5 52. Kf3 h5 53. Rd4 Ke5 54. Ra4 Rb5 55. Ra3 d4 56. Ke2 Kd5 57. exd4 Kxd4 58. Kd2 Kc5 59. Kc3 Kb6 60. Ra1 Rf5 61. Rg1 h4 62. Kb2 Kb5 63. Ka3 Kc5 64. Rg4 Kb5 65. Re4 Rd5 66. Rg4 Kc6 67. Kb2 Kd6 68. Re4 Re5 69. Ra4 Ke6 70. Kc2 Rd5 71. Re4+ Kf5 72. Rg4 Re5 73. Ra4 Rd5 74. Rg4 Rb5 75. Ra4 Kg6 76. Rc4 Rb4 77. Rc6+ Kh5 78. Ra6 Rb5 79. Ra8 Kg6 80. Rd8 Kf5 81. Rd4 Re5 82. Ra4 Kf6 83. Kd3 Rb5 84. Kc3 Rf5 85. Kc2 Rf2+ 86. Kc1 Rf3 87. Kc2 Rxh3 88. Rxa5 Re3 89. b4 g4 90. Rh5 h3 91. b5 Re5 92. Rh6+ Kg5 93. Rb6 0-1

[Event "Feffernitz Raika op 14th"]
[Site "Feffernitz"]
[Date "2005.08.23"]
[Round "3"]
[White "Praznik, Anton"]
[Black "Polansek, Justin"]
[Result "1/2-1/2"]
[WhiteElo "2338"]
[BlackElo "2057"]
[PlyCount "114"]
[EventDate "2005.08.21"]
[EventType "swiss"]
[EventRounds "9"]
[EventCountry "AUT"]
[SourceTitle "CBM 108 Extra"]
[Source "ChessBase"]
[SourceDate "2005.11.04"]
[SourceVersion "1"]
[SourceVersionDate "2005.11.04"]
[SourceQuality "1"]

1. g3 d6 2. d4 g6 3. e4 Bg7 4. Bg2 Nc6 5. Ne2 Bg4 6. f3 Bd7 7. Nbc3 e5 8. Be3 Nf6 9. Qd2 0-0 10. 0-0-0 exd4 11. Nxd4 Nxd4 12. Bxd4 Be6 13. e5 dxe5 14. Bxe5 Qxd2+ 15. Rxd2 c6 16. Rhd1 Nd5 17. Bxg7 Kxg7 18. Nxd5 Bxd5 19. b3 Rfe8 20. c4 Be6 21. Re1 Rad8 22. Rde2 Bd7 23. f4 Rxe2 24. Rxe2 Bg4 25. Rd2 Rxd2 26. Kxd2 Kf8 27. Kc3 Ke7 28. Kd4 f6 29. Be4 Kd6 30. c5+ Ke7 31. b4 a6 32. h4 Be6 33. a3 f5 34. Bf3 Kf6 35. Kc3 h5 36. a4 Bd7 37. Kd4 Be8 38. Bg2 Bd7 39. Kd3 Be8 40. Kc3 Ke7 41. Bh1 Bd7 42. Kd4 Kf6 43. Bf3 Be8 44. b5 axb5 45. axb5 Ke6 46. Kc3 Ke7 47. Kb4 Kd7 48. bxc6+ bxc6 49. Kc4 Ke6 50. Bg2 Ke7 51. Kd4 Ke6 52. Bf1 Kf6 53. Bc4 Bd7 54. Kc3 Be6 55. Bxe6 Kxe6 56. Kc4 Kd7 57. Kb4 Kc8 1/2-1/2

[Event "Feffernitz Raika op 13th"]
[Site "Feffernitz"]
[Date "2004.08.22"]
[Round "9"]
[White "Emberger, Rene"]
[Black "Polansek, Justin"]
[Result "1/2-1/2"]
[WhiteElo "2118"]
[BlackElo "2018"]
[PlyCount "66"]
[EventDate "2004.08.14"]
[EventType "swiss"]
[EventRounds "9"]
[EventCountry "AUT"]
[SourceTitle "EXT 2005"]
[Source "ChessBase"]
[SourceDate "2004.11.15"]
[SourceVersion "1"]
[SourceVersionDate "2004.11.15"]
[SourceQuality "1"]

1. b4 d5 2. Bb2 Nd7 3. e3 e5 4. a3 Ngf6 5. c4 dxc4 6. Bxc4 Bd6 7. Nc3 c6 8. Nf3 Qe7 9. d4 h6 10. Qc2 exd4 11. Nxd4 Ne5 12. Be2 0-0 13. Ne4 Nxe4 14. Qxe4 f5 15. Qc2 Bd7 16. 0-0 Rae8 17. Rae1 Qh4 18. g3 Qh3 19. Rd1 Bb8 20. Nf3 Nxf3+ 21. Bxf3 Bd6 22. Rd4 f4 23. exf4 Bf5 24. Qc3 Rf7 25. Rfd1 Bc7 26. Qc4 Be6 27. Qf1 Rfe7 28. Qxh3 Bxh3 29. Bc3 Bb6 30. R4d3 Bf5 31. R3d2 Bh3 32. Rd3 Bf5 33. R3d2 Bh3 1/2-1/2

[Event "Feffernitz Raika op 13th"]
[Site "Feffernitz"]
[Date "2004.08.16"]
[Round "3"]
[White "Arztmann, Wolfgang"]
[Black "Polansek, Justin"]
[Result "1/2-1/2"]
[WhiteElo "2160"]
[BlackElo "2018"]
[PlyCount "132"]
[EventDate "2004.08.14"]
[EventType "swiss"]
[EventRounds "9"]
[EventCountry "AUT"]
[SourceTitle "EXT 2005"]
[Source "ChessBase"]
[SourceDate "2004.11.15"]
[SourceVersion "1"]
[SourceVersionDate "2004.11.15"]
[SourceQuality "1"]

1. e4 e6 2. d4 d5 3. e5 c5 4. c3 Bd7 5. Nf3 Qb6 6. Be2 cxd4 7. cxd4 Bb5 8. 0-0 Bxe2 9. Qxe2 Nc6 10. Nc3 h5 11. a3 Nge7 12. Be3 Nf5 13. b4 Be7 14. Na4 Qd8 15. Rfc1 0-0 16. Nc5 Bxc5 17. Rxc5 Nxe3 18. Qxe3 a6 19. Rac1 Qe7 20. Qc3 Rfc8 21. h3 Na7 22. a4 Rxc5 23. dxc5 Rc8 24. Nd4 Qg5 25. Nf3 Qd8 26. g3 b6 27. Qe3 bxc5 28. Rxc5 Rb8 29. Rc1 Qe7 30. Qc5 Qd7 31. Qc7 Rb7 32. Qxd7 Rxd7 33. Nd4 Rb7 34. Rb1 Kf8 35. Kf1 Ke8 36. Ke2 Kd7 37. Kd3 Nc6 38. Nxc6 Kxc6 39. Rb3 g6 40. h4 Kb6 41. Ke3 Rc7 42. Kf4 a5 43. b5 Rc4+ 44. Kg5 Rxa4 45. Kf6 Rb4 46. Ra3 Re4 47. f4 Kxb5 48. Kxf7 Kb4 49. Ra1 d4 50. Kxe6 d3 51. Kd5 Re2 52. Kd4 d2 53. Rb1+ Ka3 54. Kc3 Re1 55. Rb3+ Ka4 56. Kxd2 Kxb3 57. Kxe1 a4 58. e6 a3 59. e7 a2 60. e8Q a1Q+ 61. Kf2 Qf6 62. Qb5+ Kc2 63. Ke3 Qc3+ 64. Ke4 Qe1+ 65. Kd4 Qc3+ 66. Ke4 Qe1+ 1/2-1/2

[Event "Graz op"]
[Site "Graz"]
[Date "2002.??.??"]
[Round "8"]
[White "Polansek, Justin"]
[Black "Frosch, Ronald"]
[Result "0-1"]
[WhiteElo "2039"]
[BlackElo "2172"]
[PlyCount "70"]
[EventDate "2002.??.??"]
[EventType "swiss"]
[EventRounds "9"]
[EventCountry "AUT"]
[SourceTitle "EXT 2003"]
[Source "ChessBase"]
[SourceDate "2002.11.25"]
[SourceVersion "1"]
[SourceVersionDate "2002.11.25"]
[SourceQuality "1"]

1. c4 b6 2. Nc3 e6 3. e4 c5 4. g3 Bb7 5. Bg2 f5 6. d3 Nf6 7. Bg5 Be7 8. Bxf6 Bxf6 9. Qd2 0-0 10. f4 fxe4 11. dxe4 Bxc3 12. bxc3 Qc7 13. Nh3 Nc6 14. Rd1 Rad8 15. Bf1 Na5 16. Bd3 Qc6 17. Qe2 h6 18. Bc2 Ba6 19. Bb3 d5 20. exd5 exd5 21. cxd5 Qb7 22. Qe6+ Kh8 23. f5 Rfe8 24. Nf4 Rxe6+ 25. fxe6 Nxb3 26. axb3 g5 27. Ng6+ Kg7 28. e7 Re8 29. d6 Qxh1+ 30. Kd2 Qxh2+ 31. Kc1 Qxg3 32. Kc2 Bb5 33. c4 Bd7 34. Nf8 Rxf8 35. exf8Q+ Kxf8 0-1